Najpopularniejsze Polskie Albumy Rapowe! - Statystyki

Ogólne statystyki
  • Ten quiz został rozwiązany 347 razy
  • Średni wynik to 7 z 25
Statystyki odpowiedzi
Ilość Wyświetleń Rok Premiery Nazwa Albumu % Poprawnych
376 mln 2019 Opowieści Z Doliny Smoków
62%
330 mln 2020 100 Dni Do Matury
61%
333 mln 2021 Młody Matczak
55%
252 mln 2017 Egzotyka
53%
264 mln 2018 Rockstar
53%
277 mln 2018 Kwiat Polskiej Młodzieży
48%
298 mln 2018 Soma 0,5mg
42%
210 mln 2020 Romantic Psycho
39%
346 mln 2018 Atypowy
36%
231 mln 2018 BOA
31%
375 mln 2019 Klubowe
29%
333 mln 2015 Królowie Życia
25%
249 mln 2021 Pułapka Na Motyle
25%
219 mln 2019 Chillwagon
24%
214 mln 2018 Czerwony Dywan
23%
324 mln 2016 Ostatni Krzyk Osiedla
22%
227 mln 2017 Złota Owca
19%
208 mln 2018 Evil Things
15%
315 mln 2020 FIT
15%
224 mln 2019 Import/Export
14%
254 mln 2021 Jeszcze Pięć Minut
5%
212 mln 2014 Piątek 13-go
4%
439 mln 2015 Sweet 17th
3%
341 mln 2019 Totalnie Nic Mixtape
3%
206 mln 2018 Trapical Moon
3%
Nie znaleziono quizów pasujących do podanych kryteriów
Rozkład punktacji
Procent ludzi z każdym wynikiem
Percentyl według liczby udzielonych odpowiedzi
Twoja historia wyników
Nie rozwiązałeś tego quizu